7 Letter Word Chain - Statistics

General Stats
  • This quiz has been taken 3,275 times
  • The average score is 15 of 20
Answer Stats
Hint Answer % Correct
You wash your hair with this SHAMPOO
98%
The Titanic hit one of these ICEBERG
97%
Main ingredient in guacamole AVOCADO
95%
One of the 8 planets NEPTUNE
95%
This shape has 8 sides OCTAGON
95%
Everyone has one, right or wrong OPINION
85%
You've done this when you breathed out EXHALED
81%
One of the original grunge bands from Seattle NIRVANA
81%
Type of computer that you can't carry with you DESKTOP
79%
This little guy grows up to be a frog TADPOLE
75%
You could find one of these on a flying trapeze ACROBAT
74%
Someone does this when joining the Army ENLISTS
74%
Some people have this type of bypass surgery to lose weight GASTRIC
73%
The 2 types of this clam dish are New England & Manhattan CHOWDER
72%
Aretha Franklin wanted this back in 1967 RESPECT
68%
One of the basic types of lettuce ROMAINE
63%
The capital of Libya TRIPOLI
63%
This baseball player typically does not hit in the American League PITCHER
55%
An island country in the southeastern Caribbean Sea GRENADA
48%
When you're completely sure, you may be _______ confidence EXUDING
41%
No matching quizzes found
Score Distribution
Percent of People with Each Score
Percentile by Number Answered
Your Score History
You have not taken this quiz